| 000 | 01723nam a2200481 i 4500 | ||
|---|---|---|---|
| 001 | 3326323 | ||
| 005 | 20230215155014.0 | ||
| 008 | 160810s2016 nyu 000 1 eng d | ||
| 020 |
_a9780765386694 : _c$17.99 |
||
| 020 |
_a0765386690 : _c$17.99 |
||
| 020 | _a9780765377081 | ||
| 020 | _z9781466853430 | ||
| 035 | _a(OCoLC)918994569 | ||
| 035 | _a(OCoLC)ocn918994569 | ||
| 035 | _a3274341 | ||
| 035 | _a3362381 | ||
| 040 |
_aPABRO _beng _cPABRO _erda |
||
| 041 | 1 |
_aeng _hchi |
|
| 050 | 4 |
_aPL2947.C59 _bD37 2016 |
|
| 082 | 0 | 4 |
_a895.13/52 _223 |
| 092 | _aF | ||
| 100 | 1 |
_aLiu, Cixin, _eauthor. |
|
| 245 | 1 | 4 |
_aThe dark forest / _cCixin Liu ; translated by Joel Martinsen. |
| 264 | 1 |
_aNew York : _bTor, a Tom Doherty Associates Book, _c2016. |
|
| 300 |
_a512 pages ; _c24 cm |
||
| 336 | _atext | ||
| 337 | _aunmediated | ||
| 338 | _avolume | ||
| 650 | 0 |
_aHuman-alien encounters _vFiction. _95683189 |
|
| 650 | 0 |
_aImaginary wars and battles _vFiction. _95673973 |
|
| 650 | 0 |
_aExtraterrestrial beings _vFiction. _95685958 |
|
| 650 | 7 |
_aFICTION / Science Fiction / Alien Contact. _2bisacsh _95812667 |
|
| 650 | 7 |
_aFICTION / World Literature / China / 21st Century. _2bisacsh _96462537 |
|
| 650 | 7 |
_aFICTION / Science Fiction / Hard Science Fiction. _2bisacsh |
|
| 655 | 0 | _aScience fiction. | |
| 700 | 1 |
_aMartinsen, Joel. _96412806 |
|
| 910 | _aBRO | ||
| 942 |
_2ddc _cBOOK |
||
| 948 |
_aCHU _bADULT _pX131728305 _hF _f1 _r2 _g1 _70 _u3 _w11 _s0 _oCHU _0$17.99 _y99 _c26 _jDewey Decimal _nOn-Order _e2055779-1 |
||
| 999 |
_c381273 _d381273 |
||
| 999 | _bF | ||